00595cam a22002051 450000100100000000500170001000800410002701000130006803500180008104000320009904200120013105000220014310000270016524500620019226000410025430000210029550400310031665000320034708200100037900001991720200929170205.0721130s1966 ilu b 000 0 eng  a66011866 a(OCoLC)504885 aDO-SdBNPcODaWUdOCoLCdDLC apremarc00aJX1954b.M53 19661 aMitrany, David,d1888-12aA working peace system. /cIntrod. by Hans J. Morgenthau. aChicago, :bQuadrangle Books,c1966. a221 p. ;c22 cm. aBibliographical footnotes. 0aInternational organization. a341.1